|
|
|
|
| LEADER |
01254nam a22003252a 4500 |
| 001 |
000933160 |
| 003 |
CZ BrMZK |
| 005 |
20130317205554.0 |
| 007 |
ta |
| 008 |
090312s1989 xr a er|||||||||||cze d |
| 015 |
|
|
|a cnb000048713
|
| 035 |
|
|
|a (OCoLC)39407389
|
| 040 |
|
|
|a ABA001
|b cze
|d ABA001
|d BOA001
|
| 080 |
9 |
|
|a 546
|
| 100 |
1 |
|
|a Drátovský, Milan,
|d 1927-
|7 jk01023006
|4 aut
|
| 245 |
1 |
0 |
|a Anorganická chemie.
|n [Díl] 2. /
|c Milan Drátovský, Miroslav Ebert, Jindřich Nassler
|
| 250 |
|
|
|a 2. vyd.
|
| 260 |
|
|
|a Praha :
|b Univerzita Karlova,
|c 1989
|
| 300 |
|
|
|a 373 s. :
|b il., tb., grafy ;
|c 29 cm
|
| 500 |
|
|
|a 400 výt.
|
| 655 |
|
7 |
|a učebnice vysokých škol
|7 fd133772
|2 czenas
|
| 700 |
1 |
|
|a Nassler, Jindřich
|7 jx20050721049
|4 aut
|
| 700 |
1 |
|
|a Ebert, Miroslav,
|d 1927-2007
|7 jk01030287
|4 aut
|
| 910 |
|
|
|a BOA001
|b 4-0835.811,2
|b PK-N-0028.098,2
|b TK-A-0249.247
|
| 920 |
|
|
|a 000172323
|
| 990 |
|
|
|a BK
|
| 991 |
|
|
|b 200903
|
| 996 |
7 |
|
|b 2619427451
|c 4-0835.811,2
|l MZK
|r Sklad / do 1 hodiny
|n 0
|w 000933160
|u 000010
|a 1
|e BOA001
|j MZK50
|s A
|
| 996 |
7 |
|
|b 2629988409
|c TK-A-0249.247
|l MZK
|r Sklad / do 24 hodin
|n 0
|w 000933160
|u 000030
|a 1
|e BOA001
|j MZK50
|s A
|
| 996 |
7 |
|
|b 3119812445
|c PK-N-0028.098/2
|l MZK
|r Sklad / do 1 hodiny
|n 9
|w 000933160
|u 000020
|a 1
|e BOA001
|j MZK50
|s A
|